| 000 | 00745pam a2200217 a 4500 | ||
|---|---|---|---|
| 020 | _a0442259425 | ||
| 082 | 0 | 0 |
_a624.183412 _bLIB _cL-19, P-108 |
| 100 | 1 |
_aLibby, James R. _943263 |
|
| 245 | 1 | 0 |
_aModern prestressed concrete : _bdesign principles and construction methods / _cJames R. Libby. |
| 250 | _a3rd ed. | ||
| 260 |
_aNew York : _bVan Nostrand Reinhold Co., _cc1984. |
||
| 300 |
_axii, 635 p. : _bill. ; _c24 cm. |
||
| 500 | _aIncludes index. | ||
| 526 |
_a0 _b0 _c0 _d624_183412000000000_LIB |
||
| 526 |
_a0 _b0 _c0 _d624_183412000000000_LIB |
||
| 526 |
_a0 _b0 _c0 _d624_183412000000000_LIB |
||
| 526 |
_a0 _b0 _c0 _d624_183412000000000_LIB |
||
| 650 | 0 |
_aMCE _9379 |
|
| 650 | 0 |
_aPrestressed concrete construction. _920245 |
|
| 942 |
_2ddc _cBK |
||
| 999 |
_c547076 _d547076 |
||